Statistiques concernant Discographie Bigflo & Oli (MAJ 09/2022)

Cliquez ici pour prendre le quiz!

Statistiques générales

  • Ce quiz a été pris 325 fois
  • Le résultat moyen est 65 sur 134

Statistiques - réponses

Réponse% Correct
Dommage (acoustique)
88%
Dommage (composé avec Stromae)
88%
La Vraie Vie
88%
Papa (feat. Fabian Ordonez)
88%
Papa (version espagnol) (feat Fabian Ordonez)
88%
Maman
82%
Insolent #1: Un soir au studio
81%
Insolent #2
81%
Insolent #3
81%
Insolent #4
81%
La vie de rêve
80%
Nous aussi
80%
Nous aussi 2
80%
Olivio (solo Oli)
76%
Sacré Bordel
74%
Sacré Bordel (Version live)
74%
Coup de vieux (feat. Julien Doré)
73%
Fan (feat. Vald)
73%
La vie d'après
73%
Alors alors
71%
Ça va trop vite (feat. Busta Rhymes)
71%
Florian (solo Bigflo)
71%
Je suis
71%
Je suis (bonus édition standard)
71%
La Cour des grands
71%
J'étais pas là
70%
Salope !
70%
Booba
69%
Gangsta
69%
Gangsta (bonus)
69%
Ça va beaucoup trop vite
68%
Dernière
68%
Trèfle (feat. Francis Cabrel)
68%
Demain (feat. Petit Biscuit)
67%
Freestyle (feat. Wawad)
67%
Le son préféré de mes potes
66%
Tant pis ou tant mieux (feat. Olympe Chabert)
63%
Autre part
62%
Bons élèves (feat. MC Solaar)
62%
Comme d'hab
62%
Les gens tristes
62%
Lili
61%
Monsieur tout le monde
61%
Monsieur tout le monde (bonus)
61%
Sur la lune
61%
Freestyle du Dico (feat Squeezie)
60%
José et Amar
60%
C'est que du rap (feat. Black M & Soprano)
59%
La familia (feat. Leto)
59%
Aujourd'hui
58%
Copier/Coller
58%
Rentrez chez vous !
58%
Bienvenue chez moi
57%
Coup de Blues/Soleil (feat Bon Entendeur)
57%
Personne
57%
Plus tard
57%
Promesses (feat. Suzanne Léo) (bonus)
57%
Sans Transition
57%
Pour un pote (feat. Jean Dujardin)
56%
Super Héros
56%
Château de sable
55%
Une belle chanson (feat. Tayc)
55%
Le Bouchon
54%
Trop tard (feat. JoeyStarr)
54%
Trust Myself (feat. Russ)
54%
Le Cordon
53%
Il est où ton frère ?
52%
C'est pas bien (feat Spider ZED)
51%
La Tempête (bonus)
50%
Dans mon lit
48%
Début d'empire
48%
Marco
48%
La Vie normale
47%
Du disque dur au disque d'or (bonus)
46%
Répondez-moi
46%
Bigflo & Oli (feat Caballero & JeanJass)
45%
C'est pas du rap...
45%
Le Philosophe sans la barbe (solo Oli)
45%
Sac à dos
45%
Le Bijoutier
44%
Cigarette
42%
C'est qui ces deux-là ?
41%
Mytho
41%
Stade (bonus)
41%
Jeunesse influençable
40%
Jeunesse influençable (bonus)
40%
Libre (feat Bon Entendeur & Edouard Baer)
40%
Ici c'est Toulouse (édition Toulouse)
39%
Atlantis
38%
Atlantis (bonus)
38%
J'attends la vague (solo Bigflo)
38%
Raccroche
38%
Dites rien à ma mère
37%
La Seule (feat. Kacem Wapalek & Naâman)
37%
Toulouse (bonus édition Toulouse)
37%
À mon retour
36%
Ferme les yeux (feat. Tryo)
36%
Rendez-vous là-haut
36%
Freestyle de Twitter (feat Squeezie)
35%
Miroir
34%
Pachémwa (feat Kikesa)
32%
Pas du même monde (feat Guizmo)
32%
Nik ta mère
31%
Au Revoir
29%
One Life (feat Mcfly & Carlito)
29%
Quand même
29%
Quand même (bonus)
29%
Tu es (feat LEJ)
29%
Que ça dure (feat Jul)
26%
Tony Hawk [que Bigflo] (feat KronoMuzik, Pandrezz & Ronare)
25%
Ça coûte rien
24%
FIFA (feat Mcfly & Carlito)
24%
Respire 2020 (feat Mickey 3d)
24%
Moments (feat Kalash Criminel)
22%
L'Hymne de nos campagnes 2019 (feat Tryo, Claudio Capéo, Gauvain Sers, Sylvain Duthu, LEJ, Vianney et Zaz)
21%
Tête à coeur (feat Médine)
19%
C'est que le début (bonus)
17%
Château de cartes
17%
Dioscures (solo Bigflo)
17%
Dioscures (solo Oli)
17%
Héritage (bonus)
17%
Pourquoi pas nous ? (bonus)
17%
Que du buzz (feat Alkpote)
17%
Demain c'est nous (bonus)
15%
Sale journée (feat Black M)
15%
Ce qu'il nous reste (feat Demi Portion)
12%
Le Rap avant la tempête #1
12%
Le Rap avant la tempête #2
12%
Rien n'est grave [que Bigflo] (feat 7 Jaws)
12%
Frères lunaires (feat Hayce Lemsi & Volts Face)
11%
PLUS VITE (feat Berywam)
11%
Pour un flirt avec la crise XXV (feat Tryo)
10%
Un freestyle et des potes
9%
Fiers d'être toulousains
4%

Distribution des résultats

Percentile par nombre de réponses

% des personnes avec chaque résultat

Votre développement - résultats

Vous n’avez pas pris ce quiz